00296nam a2200121Ia 45000030006000000080041000060400015000471000018000622450041000802600024001215460012001450050017001570STCL150530s9999 xx 000 0 und d aSTCLcSTCL aEugene ONeill aONeill Ah wilderness and other plays bPenguin booksc1960 aEnglish20220125171339.0